On This Day: April 26th II Quiz Stats

 Plays Quiz Updated Apr 26, 2018

Score 0/7 Timer 03:00
0 Plays Today
Question Answer Wrong Answers
Thousands of meteor fragments fall from the sky over the commune of L'Aigle in this nation, seen as a milestone in the understanding of meteorites and their origins.
1803
France
83.4%
Spain
2.1%
Norway
6%
Russia
8.5%
This nation secretly signs the London Pact with Britain, France, and Russia, effectively switching sides during WWI.
1915
Italy
71.8%
Germany
6%
Bulgaria
11.8%
Denmark
10.2%
This American actress and performer, best known for her self-titled TV variety show that combined comedy sketches with song and dance, is born.
1933
Carol Burnett
70.2%
Julie Andrews
3%
Betty White
4.7%
Mary Tyler Moore
21.7%
The Easter Riots in Uppsala, ______, begin when a group of local National Socialists are met by thousands of anti-fascist demonstrators.
1943
Sweden
49%
Finland
29.2%
Belgium
15.3%
Iceland
5.6%
The Geneva Conference, intended to settle outstanding issues resulting from the Korean War and the ______ War, begins with several nations taking part.
1954
First Indochina
45.5%
Algerian
3.3%
Cold
20.5%
Sino-Vietnamese
29.4%
NBC announces that unknown comedy writer Conan O’Brien will replace ______ as host of the ‘Late Night’ talk show.
1993
David Letterman
38.8%
Jay Leno
40%
Jon Stewart
2.9%
Johnny Carson
16.7%
Under international pressure, this nation withdraws the last of its 14,000 troop military garrison in Lebanon, ending a 29-year military domination.
2005
Syria
35.6%
Israel
40.7%
Turkey
12.4%
Jordan
9.1%

You're not logged in!

Compare scores with friends on all Sporcle quizzes.
OR
Log In

Sporcle TV

Today on Sporcle TV


Watch our educational content, quiz creation guides, and fun videos on Sporcle TV.

Show Comments

Extras

Top Quizzes Today


Score Distribution

Your Account Isn't Verified!

In order to create a playlist on Sporcle, you need to verify the email address you used during registration. Go to your Sporcle Settings to finish the process.

Report this User

Report this user for behavior that violates our Community Guidelines.

Details: